1301 1256 1440 1023 1390 1017 1434 1926 1396 1348 1602 1451 1381 1020 1162 1835 1318 1667 1735 1128 1821 1517 1566 1686 1753 1366 1450 1005 1137 1116 1406 1764 1043 1484 1120 1903 1759 1196 1861 1287 1917 1969 1470 1197 1001 1908 1266 1132 1101 1087 1229 1163 1409 1313 1242 1883 1253 1525 1826 1331 1037 1234 1910 1614 1984 1232 1691 1201 1756 1369 1113 1156 1102 1089 1405 1755 1659 1746 1356 1580 1060 1554 1208 1851 1268 1962 1471 1749 1800 1502 1258 1647 1246 1485 1752 1944 1877 1564 1251 BCNSPRNW ULIB Ver.6.0+V

เปลี่ยนเป็นภาษาไทย

Change to English
 แสดงรายละเอียดบรรณานุกรม
  กลับหน้าหลัก

Brief Record : Get Marc (ISO 2709) : E-mail record : QR code < ปิดหน้าต่าง
LEADER : 00000nam 2200000uu 4500
001    13399125635
003     ULIB
008    170712s2559||||th 000 0 tha d
020    ^a9786163202253
060  0 ^aWS115^bด141ต
100 0  ^aดลภัค ทรรศพร
245 00 ^aแต่งผมเด็กให้น่ารักพร้อมโภชนาการและวิธีดูแลเส้นผมให้สวยงาม /^cดลภัค ทรรศพร
260    ^aกรุงเทพฯ :^bอินทรีย์,^cม.ป.ป.
300    ^a144 หน้า ;^c19 ซม.
650  0 ^aเด็ก^xโภชนาการเด็ก
945    ^p150^l0^i002613
999    ^aประนอม เกษจรัล
รายการนี้ยังไม่มีแท็ก
คุณยังไม่ได้ล็อกอิน คุณสามารถมีกิจกรรมร่วมกับเว็บไซต์ได้ แต่ต้องล็อกอินก่อน ::
  ล็อกอิน

รายการสื่อสารสนเทศ

ลำดับที่ ประเภท เลขเรียก/บาร์โค้ด สถานที่ สถานะ
1. วิทยาศาสตร์การแพทย์ และสุขภาพ
วิทยาศาสตร์การแพทย์ และสุขภาพ
WS115 ด141ต ฉ.1 
  Barcode: 002613
ห้องสมุดวิทยาเขตนครสวรรค์
►นวนิยาย:l:Fiction
บนชั้น

รายการใกล้เคียง
    ผู้แต่ง [ดลภัค ทรรศพร]

BibComment


ยังไม่เคยถูกคอมเมนท์

คอมเมนท์ทรัพยากรรายการนี้
  คอมเมนท์: แต่งผมเด็กให้น่า..


 Copyright 2026. Bcnsprnw @Library